000 00668cam a2200253 4500
001 L155563
008 000000n1995 000 0 eng u
020 _a9780900417276
022 _a0142713X
035 _a(Sirsi) u155563
041 _aeng
050 _a692.5
245 _aGriffiths complete building price book 1995
250 _a41st ed.
260 _aBournemouth
_bGlenigan Cost Information Services
_c1995
300 _a810p
350 _a85
650 _aBUILT ENVIRONMENT-BUILDING COSTS
650 _aESTIMATING
650 _aBUILDING PRICE BOOKS
651 4 _aENGLAND AND WALES
690 _aBUILT ENVIRONMENT-BUILDING COSTS
942 _n0
999 _c113663
_d113663